Normal view MARC view
  • COVEY.R STEPHEN

Entry Personal Name

Number of records used in: 1

001 - CONTROL NUMBER

  • control field: 4487

003 - CONTROL NUMBER IDENTIFIER

  • control field: OSt

005 - DATE AND TIME OF LATEST TRANSACTION

  • control field: 20171123125628.0

008 - FIXED-LENGTH DATA ELEMENTS

  • fixed length control field: 171123|| aca||aabn | a|a d

040 ## - CATALOGING SOURCE

  • Original cataloging agency: OSt

100 ## - HEADING--PERSONAL NAME

  • Personal name: COVEY.R STEPHEN

Powered by Koha